Методические аспекты и практическая реализация программы дополнительного профессионального образования; Инженерное образование; № 24

Podrobná bibliografie
Parent link:Инженерное образование: электронный научный журнал/ Ассоциация инженерного образования России (АИОР).— : [Б. и.], 2003-.— 1810-2883
№ 24.— 2018.— [С. 122-127]
Hlavní autor: Хацринова О. Ю.
Korporativní autor: Казанский национальный исследовательский технологический университет (КНИТУ)
Další autoři: Водопьянова С. В., Галиханов М. Ф.
Shrnutí:Заглавие с титульного листа
В статье рассматриваются задачи дополнительного профессионального образования специалистов. Раскрываются проблемы реализации дополнительных образовательных программ подготовки рабочих для химического производства. Показаны методические аспекты организации процесса обучения.
Jazyk:ruština
Vydáno: 2018
Edice:Организация и технология инженерного образования
Témata:
On-line přístup:https://old.aeer.ru/files/io/m24/art_17.pdf
Médium: MixedMaterials Elektronický zdroj Kapitola
KOHA link:https://koha.lib.tpu.ru/cgi-bin/koha/opac-detail.pl?biblionumber=582494

MARC

LEADER 00000naa2a2200000 4500
001 582494
005 20250520152633.0
035 |a (RuTPU)RU\TPU\prd\282950 
090 |a 582494 
100 |a 20190207a2018 k y0rusy50 ca 
101 0 |a rus 
102 |a RU 
135 |a drcn ---uucaa 
181 0 |a i  
182 0 |a b 
200 1 |a Методические аспекты и практическая реализация программы дополнительного профессионального образования  |b Электронный ресурс  |f О. Ю. Хацринова, С. В. Водопьянова, М. Ф. Галиханов 
203 |a Текст  |c электронный 
215 |a 1 файл (253 Кб) 
225 1 |a Организация и технология инженерного образования 
230 |a Электронные текстовые данные (1 файл : 253 Кб) 
300 |a Заглавие с титульного листа 
320 |a [Библиогр.: с. 127 (6 назв.)] 
330 |a В статье рассматриваются задачи дополнительного профессионального образования специалистов. Раскрываются проблемы реализации дополнительных образовательных программ подготовки рабочих для химического производства. Показаны методические аспекты организации процесса обучения. 
461 1 |0 (RuTPU)RU\TPU\prd\176632  |x 1810-2883  |t Инженерное образование  |o электронный научный журнал  |f Ассоциация инженерного образования России (АИОР)  |n [Б. и.]  |d 2003- 
463 1 |0 (RuTPU)RU\TPU\prd\282906  |t № 24  |v [С. 122-127]  |d 2018 
610 1 |a инженерное образование 
610 1 |a электронный ресурс 
610 1 |a дополнительное профессиональное образование 
610 1 |a стекольная промышленность 
610 1 |a стекольная промышленность 
610 1 |a производство стекла 
610 1 |a листовое стекло 
610 1 |a повышение квалификации 
610 1 |a кадры 
610 1 |a учебные программы 
610 1 |a учебная программа 
700 1 |a Хацринова  |b О. Ю. 
701 1 |a Водопьянова  |b С. В. 
701 1 |a Галиханов  |b М. Ф. 
712 0 2 |a Казанский национальный исследовательский технологический университет (КНИТУ)  |c (2011- )  |2 stltpush  |3 (RuTPU)RU\TPU\col\18269 
801 2 |a RU  |b 63413507  |c 20190207  |g RCR 
856 4 |u https://old.aeer.ru/files/io/m24/art_17.pdf 
942 |c BK